| 000 | 00672nam a22002417a 4500 | ||
|---|---|---|---|
| 001 | 00108 | ||
| 003 | DO-SdBNP | ||
| 005 | 20180207092930.0 | ||
| 007 | 00108 | ||
| 008 | 160318b sp 19uu ||||| |||| 00| 0 spa d | ||
| 040 |
_aBPMSU _bspa _cBPMSU |
||
| 092 |
_axxxxxxxx _bxxxxxxxx |
||
| 100 | 1 | 0 | _aBuck, Pearl S. |
| 245 | 1 | 0 |
_aViento del este, viento del oeste / _cPearl S. Buck ; traducción L. Gosse |
| 260 |
_aBarcelona : _bPlaza & Janés, _c19--?. |
||
| 300 |
_a190 p. : _c20 cm. |
||
| 490 | 0 | 0 | _aCirculo de lectores |
| 700 | 1 | 0 |
_aGosse, L., _etr. |
| 830 | 1 | 0 | _aCirculo de lectores |
| 942 |
_2ddc _cBK |
||
| 945 | _ainventariado, 2018 / dg | ||
| 956 | _aBrenda Tavárez | ||
| 999 |
_c9310 _d9310 |
||